000 00513nam a2200169Ia 4500
003 GCL
008 140319s9999 xx 000 0 ara d
040 _aGCL /
_cGCL
082 0 4 _a641.8
_bو م
100 1 _aوفاء حمود
245 1 0 _aمختارات شهيةمن المطبخ القبرصى /
_cوفاء حمود
700 1 _aفاطمة المغربى
490 _aموسوعة عالم الطبخ
_v0
650 0 4 _aالطبخ
650 0 4 _aالاقتصاد المنزلى - قبرص
942 _2ddc
_cBK
999 _c44037
_d44037